Návrh zosilňovača triedy D s GaN HEMT tranzistormi

Salvato in:
Dettagli Bibliografici
Autore principale: Trúchly, Michal (Autore)
Altri autori: Marek, Juraj (Relatore della tesi)
Natura: Manoscritto Libro
Lingua:slovacco
Pubblicazione: Bratislava : STU v Bratislave FEI, 2025
Soggetti:
Accesso online:https://opac.crzp.sk/?fn=detailBiblioFormChildKEF1KH&sid=8D80AD18777FCC7F6CB2BD4DC29E&seo=CRZP-detail-kniha
Tags: Aggiungi Tag
Nessun Tag, puoi essere il primo ad aggiungerne!!

MARC

LEADER 00000ntm a22000003a 4500
001 stuzp100568
003 SK-STU
005 20260128141924.9
007 ta
008 150427s2015----xo-----f-mn---000-0-slo-d
040 |a STU  |b slo 
041 0 |a slo 
044 |a xo 
100 1 |a Trúchly, Michal  |u 033000  |4 aut  |U FEI Fakulta elektrotechniky a informatiky  |T FEI Ústav elektroniky a fotoniky  |X 120734  |U E030  |Y 549  |7 120734 
242 0 1 |a Design of D-class amplifier with GaN HEMT  |y eng 
245 1 0 |a Návrh zosilňovača triedy D s GaN HEMT tranzistormi 
260 |a Bratislava :  |b STU v Bratislave FEI,  |c 2025 
300 |a 77 s. 
650 4 |a PWM  |2 slo 
650 4 |a Zosilňovač triedy D  |2 slo 
650 4 |a GaN HEMT  |2 slo 
650 4 |a skreslenie  |2 slo 
650 4 |a zosilnenie  |2 slo 
650 4 |a GaN HEMT  |2 eng 
650 4 |a PWM  |2 eng 
650 4 |a gain  |2 eng 
650 4 |a distortion  |2 eng 
650 4 |a Class D amplifier  |2 eng 
700 1 |a Marek, Juraj  |u 033000  |k Z1  |4 ths  |U FEI Fakulta elektrotechniky a informatiky  |T FEI Ústav elektroniky a fotoniky  |X 24483  |U E030  |Y 549  |7 A000024483 
856 4 |u https://opac.crzp.sk/?fn=detailBiblioFormChildKEF1KH&sid=8D80AD18777FCC7F6CB2BD4DC29E&seo=CRZP-detail-kniha